Mongol etiological tales

Elmentve itt :
Bibliográfiai részletek
Szerző: Lőrincz László
Dokumentumtípus: Cikk
Megjelent: Akadémiai Kiadó Budapest 1975
Sorozat:Acta Orientalia Academiae Scientiarum Hungaricae;Acta Orientalia Academiae Scientiarum Hungaricae : a Magyar Tudományos Akadémia orientalisztikai közleményei
Kulcsszavak:Etológia
Tárgyszavak:
Online Access:http://misc.bibl.u-szeged.hu/68074
LEADER 00910nab a2200241 i 4500
001 misc68074
005 20230207114309.0
008 220616s1975 hu o 0|| eng d
022 |a 0001-6446 
040 |a SZTE Miscellanea Repozitórium  |b hun 
041 |a eng 
100 1 |a Lőrincz László 
245 1 0 |a Mongol etiological tales  |h [elektronikus dokumentum] /  |c  Lőrincz László 
260 |a Akadémiai Kiadó  |b Budapest  |c 1975 
300 |a 367-374  |c 24 cm 
300 |a [8] p.  |c 24 cm 
490 0 |a Acta Orientalia Academiae Scientiarum Hungaricae;Acta Orientalia Academiae Scientiarum Hungaricae : a Magyar Tudományos Akadémia orientalisztikai közleményei 
561 |a Németh Gyula hagyaték 
591 |a OA 3335 
650 4 |a Bölcsészettudományok 
650 4 |a Nyelvek és irodalom 
695 |a Etológia 
856 4 0 |u http://misc.bibl.u-szeged.hu/68074/1/3335_oa_l86.pdf  |z Dokumentum-elérés